00376nam a2200121Ia 4500082001300000245006600013260005300079300001000132500004200142650003000184650002500214700001500239 a954 IND; 0aIndian civilization: the first phase:problems of a sourcebook aShimlabIndian Institute of Advanced studyc1971 a305p. aBased on the proceedings of a seminar aIndia - History - Sources aIndia - Civilization aMalik, S.C